Nghề nuôi lợn nái
Nội dung sách giới thiệu kỹ thuật chăn nuôi chăm sóc chuồng trại và một số giống và kỹ thuật chọn lợn gây giống sinh sản.
Đã lưu trong:
| 主要作者: | |
|---|---|
| 格式: | 图书 |
| 语言: | Undetermined |
| 出版: |
Hà Nội
Nông nghiệp
2009
|
| 主题: | |
| 标签: |
添加标签
没有标签, 成为第一个标记此记录!
|
| Thư viện lưu trữ: | Trung tâm Học liệu Trường Đại học Cần Thơ |
|---|
| LEADER | 00785nam a2200205Ia 4500 | ||
|---|---|---|---|
| 001 | CTU_206411 | ||
| 008 | 210402s9999 xx 000 0 und d | ||
| 082 | |a 636.4 | ||
| 082 | |b V121 | ||
| 100 | |a Phùng, Thị Vân | ||
| 245 | 0 | |a Nghề nuôi lợn nái | |
| 245 | 0 | |c Phùng Thị Vân, Đoàn Khắc Húc, Nguyễn Thị Rật | |
| 260 | |a Hà Nội | ||
| 260 | |b Nông nghiệp | ||
| 260 | |c 2009 | ||
| 520 | |a Nội dung sách giới thiệu kỹ thuật chăn nuôi chăm sóc chuồng trại và một số giống và kỹ thuật chọn lợn gây giống sinh sản. | ||
| 650 | |a Lợn ( heo ),Swine | ||
| 650 | |x Nuôi,Breeding | ||
| 904 | |i Tuyến | ||
| 980 | |a Trung tâm Học liệu Trường Đại học Cần Thơ | ||